Les pays les plus exposés aux catastrophes naturelles - Statistiques

Statistiques générales
  • Ce quiz a été pris 251 fois
  • Le résultat moyen est 5 sur 20
Statistiques - réponses
Catastrophe Pays % Correct
12.99% Japon
98%
26.70% Philippines
57%
12.53% Viet Nam
39%
13.15% Fidji
33%
19.17% Bangladesh
30%
17.00% Cambodge
30%
29.33% Tonga
29%
37.95% Samoa
28%
16.43% Papouasie-Nouvelle-Guinée
27%
36.28% Vanuatu
25%
15.69% Timor-Oriental
18%
19.14% Brunei
17%
17.04% Costa Rica
17%
19.88% Guatemala
17%
14.62% Nicaragua
17%
16.05% Salvador
17%
15.53% Maurice
15%
36.75% Sao-Tomé-et-Principe
10%
12.07% Gambie
4%
13.56% Guinée-Bissau
3%
Aucun quiz correspondant
Distribution des résultats
% des personnes avec chaque résultat
Percentile par nombre de réponses
Votre historique - résultats
Vous n’avez pas pris ce quiz